Auditoria de Centres Assistèncials : Informe d'un Comité d'Experts / Generalitat de Catalunya. Direcció General d'Assistència Sanitària Informe d'un Comité d'Experts / Generalitat de Catalunya. Direcció General d'Assistència Sanitària
Publicado:
Barcelona :
Secretaria General Tècnica del Departament de Sanitat i Seguretat Social ,
1982
Descripción Física:
74 p. ; 21 cm
Materias:
Hospitals -- Catalunya
MARC
| LEADER | 00000nam a2200000Ia 4500 | ||
|---|---|---|---|
| 001 | 1401 | ||
| 008 | 160829s1982 xx 000 0 cat d | ||
| 080 | |a S-1-151 | ||
| 110 | 1 | |a Catalunya. |b Direcció General d'Assistència Sanitària |9 54116 | |
| 245 | |a Auditoria de Centres Assistèncials : |b Informe d'un Comité d'Experts / Generalitat de Catalunya. Direcció General d'Assistència Sanitària | ||
| 260 | |a Barcelona : |b Secretaria General Tècnica del Departament de Sanitat i Seguretat Social, |c 1982 | ||
| 300 | |a 74 p. ; |c 21 cm | ||
| 490 | |a Informes i dictàmens d'Assistència Sanitària ; 3 | ||
| 650 | |a Hospitals |x Catalunya |9 34089 | ||
| 901 | |a Arxiu | ||
| 942 | |n 1 | ||
| 952 | |0 0 |1 0 |4 0 |6 S1151 |7 1 |9 42581 |a Arxiu |b Arxiu |d 2016-12-01 |l 0 |o S-1-151 |p 1401 |r 2016-12-01 00:00:00 |w 2016-12-01 |y ARXIU | ||
| 999 | |c 45086 |d 45086 | ||